<The> Effects of strategic orientations and perceived environment on firm performance
Dimenzie podnikateľskej a učiacej sa orientácie podniku. Analyzované metódou PLS-SEM (path analysis). Dimenzie podnikovej výkonnosti.
Saved in:
| Main Author: | |
|---|---|
| Format: | Book Chapter |
| Language: | English |
| Subjects: | |
| Tags: |
No Tags, Be the first to tag this record!
|
MARC
| LEADER | 00000nla a2200000 4500 | ||
|---|---|---|---|
| 001 | 0216026 | ||
| 005 | 20240417075106.8 | ||
| 041 | 0 | |a eng | |
| 044 | |a CZ | ||
| 245 | 1 | 0 | |a <The> Effects of strategic orientations and perceived environment on firm performance |c Gergely Farkas |
| 520 | |a Dimenzie podnikateľskej a učiacej sa orientácie podniku. Analyzované metódou PLS-SEM (path analysis). Dimenzie podnikovej výkonnosti. | ||
| 610 | 2 | 0 | |a výkonnosť podniku |
| 610 | 2 | 0 | |a prostredie podnikové |
| 610 | 2 | 0 | |a analýzy |
| 100 | 1 | |a Farkas, Gergely | |